000 00509nam a2200157 a 4500
008 120416s1970 ||||||||||||||||| || u
050 _aPR 9199.3.O31C5
100 _aO'Connell, Dorothy
245 1 0 _aChicklet Gomez
260 _aOttawa:
_bDeneau and Greenberg
_c197?
300 _a150p.
350 _a0.00
650 _aENGLISH LANGUAGE
650 _aENGLISH FICTION
995 _D0.00
_FCBU-MAIN LIBRARY (Kitwe)
_H1
_I0.00
_M1
_UAVAILABLE
_ZFiction Collection
999 _c37253
_d37253